| 000 | 00711nam a2200205 i 4500 | ||
|---|---|---|---|
| 001 | 139849 | ||
| 003 | ES-MaACL | ||
| 005 | 20251005063115.0 | ||
| 007 | t| | ||
| 008 | 070214s1955 sp r ||||1| spa d | ||
| 100 | 1 |
_aSchnürer, Gustav, _d1860-1941 _9104597 |
|
| 245 | 1 | 3 |
_aLa iglesia y la civilización occidental en la Edad Media. _n1 / _cGustav Schnuerer ; versión de José Miguel de Azaola. |
| 260 |
_aMadrid : _bFax, _c1955. |
||
| 300 |
_aXVIII, 557 p. : _bil. ; _c25 cm. |
||
| 650 | 1 | 4 |
_aCivilización occidental. _9135778 |
| 650 | 7 |
_aHistoria eclesiástica _2embne _913400 |
|
| 700 | 1 |
_aAzaola, José Miguel de ( _d1917-2007) _924229 |
|
| 852 |
_aES-MaACL _jP-1024 |
||
| 999 |
_c139849 _d139849 |
||